Kỹ thuật điện

XD Cơ sở kỹ thuật điện trong xây dựng; VL Kỹ thuật điện

Gardado en:
Detalles Bibliográficos
Autor Principal: Nguyễn, Kim Đính
Formato: Libro
Idioma:Undetermined
Publicado: TP.HCM Đại học Quốc gia TP.HCM 2005
Những chủ đề:
Acceso en liña:http://lrc.tdmu.edu.vn/opac/search/detail.asp?aID=2&ID=3809
Các nhãn: Engadir etiqueta
Sen Etiquetas, Sexa o primeiro en etiquetar este rexistro!
Thư viện lưu trữ: Trung tâm Học liệu Trường Đại học Thủ Dầu Một
LEADER 00695nam a2200205Ia 4500
001 TDMU_3809
008 210410s9999 xx 000 0 und d
082 |a 621.3 
090 |b N4994 
100 |a Nguyễn, Kim Đính 
245 0 |a Kỹ thuật điện 
245 0 |c Nguyễn Kim Đính 
260 |a TP.HCM 
260 |b Đại học Quốc gia TP.HCM 
260 |c 2005 
300 |a 290tr. 
520 |a XD Cơ sở kỹ thuật điện trong xây dựng; VL Kỹ thuật điện 
650 |a Kỹ thuật điện 
856 |u http://lrc.tdmu.edu.vn/opac/search/detail.asp?aID=2&ID=3809 
980 |a Trung tâm Học liệu Trường Đại học Thủ Dầu Một